000 01407nab a2200325 u 4500
001 04722
003 HDC
007 cr bn ---
008 210117p xx n |0 eng
040 _aHDC
100 _aAlfiKhairiansyahMachfud,
_eauthor
_94895
245 0 _aCollaboration, Wealth and Value Creation, SMEs' Halal Products Communities, and Information Systems /
_cby AlfiKhairiansyahMachfud, Abdul Rahman Ahmad Dahlan, JawdatKhatib and Ahmed Abdulaziz Haji-Ahmed
260 _a[No place] :
_b[publisher not identified],
_c[no year]
300 _a1 online resource (9 pages)
336 _atext
_2rdacontent
337 _acomputer
_2rdamedia
338 _aonline resource
_2rdacarrier
650 _aBusiness
_9207
650 _aHalal food industry
_9128
650 _aHalal food
_950
650 _aSME Communities
_95299
700 _a Abdul Rahman Ahmad Dahlan,
_eauthor
_94896
700 _aAhmed Abdulaziz Haji-Ahmed,
_eauthor
_94898
700 _aJawdatKhatib ,
_eauthor
_94897
856 _zRequest full-text at [email protected]
856 _zRequest full-text at [email protected]
942 _2lcc
942 _cAR
942 _kJART 000091
999 _c2047
_d2047